ბათუმის შოთა რუსთაველის სახელმწიფო უნივერსიტეტის ბიბლიოთეკა

აჭარის ტერიტორიაზე მოსახლე ტომის ვინაობის საკითხისათვის / (ბიბ.ჩანაწერი № 46148)

000 -ლიდერი
ფიქსირებული სიგრძის საკონტროლო ველი 01506nam a2200277Ia 4500
001 - საკონტროლო ნომერი
საკონტროლო ველი 12980
003 - საკონტროლო ნომრის იდენტიფიკატორი
საკონტროლო ველი GE_BSU
005 - ბოლო ოპერაციის თარიღი და დრო
საკონტროლო ველი 20240827152508.0
008 - ფიქსირებული სიგრძის მონაცემთა ელემენტები - ზოგადი ინფორმაცია
ფიქსირებული სიგრძის საკონტროლო ველი 181216s2002||||ge |||||||||||||| ||geo||
020 ## - წიგნის საერთაშორისო სტანდარტული ნომერი
International Standard Book Number 9992848928
040 ## - კატალოგიზაციის წყარო
Transcribing agency GE_BSU
041 ## - ენის კოდი
Language code of text/sound track or separate title geo
080 ## - უნივერსალური ათობითი კლასიფიკაციის ინდექსი
Universal Decimal Classification number 94(479.223)+811.353.1’1373.6 გ-60
100 ## - მთავარი ჩანაწერი - პიროვნების სახელი
Personal name გოგიტიძე, სიმონ
9 (RLIN) 101
245 ## - ცნობა სათაურის შესახებ
Title აჭარის ტერიტორიაზე მოსახლე ტომის ვინაობის საკითხისათვის /
Statement of responsibility, etc [რედ. : ამირან კახიძე] ; საქ. მეცნ. აკად., ბათუმის სამეცნ.-კვლევ. ინ-ტი.
264 ## - წარმოების, გამოცემის, დისტრიბუციის და სხვა ცნობები
გამოცემის, წარმოების, დისტრიბუციის... ადგილი ბათუმი :
გამოცემის, წარმოების, დისტრიბუციის... სახელწოდება ბათუმის უნ-ტი,
გამოცემის, წარმოების, დისტრიბუციის... თარიღი 2002.
300 ## - ფიზიკური აღწერა
Extent 141 გვ. :
Other physical details რუკები ;
Dimensions 20 სმ.
500 ## - ზოგადი შენიშვნა
General note ანოტაცია რუს. და ინგლ. ენებზე
504 ## - BIBLIOGRAPHY, ETC. NOTE
Bibliography, etc ბიბლიოგრ. ტექსტის შენიშვნ.
520 ## - SUMMARY, ETC.
Summary, etc რეზ. ინგლ. ენ.
653 ## - INDEX TERM--UNCONTROLLED
Uncontrolled term აჭარის ტერიტორიაზე მოსახლე ტომის ვინაობის საკითხისათვის
653 ## - INDEX TERM--UNCONTROLLED
Uncontrolled term აჭარის ისტორია
653 ## - INDEX TERM--UNCONTROLLED
Uncontrolled term ქართული ენის ეტიმოლოგია
700 ## - ADDED ENTRY--PERSONAL NAME
Personal name კახიძე, ამირან
Relator term რედაქტორი
9 (RLIN) 23134
942 ## - ADDED ENTRY ELEMENTS (KOHA)
Koha item type წიგნი
Source of classification or shelving scheme
ეგზემპლარები
ჩამოწერის სტატუსი დაკარგული ეგზემპლარის სტატუსი კლასიფიკაციის წყარო ან თაროზე გაწყობის სქემა დაზიანების სტატუსი არ გაიცემა მუდმივი მდებარეობა (დაცვის ადგილი) ამჟამინდელი ადგილსამყოფელი თაროზე განთავსების ადგილი შეძენის თარიღი სრული შენახვის შიფრი შტრიხკოდი ბოლო ოპერაციის თარიღი ეგზემპლარის მიმდევრობითი ნომერი (კეტერი?) ფასის ძალაში შესვლის თარიღი ეგზემპლარის სახეობა
          ბათუმის შოთა რუსთაველის სახელმწიფო უნივერსიტეტის მთავარი ბიბლიოთეკა ბათუმის შოთა რუსთაველის სახელმწიფო უნივერსიტეტის მთავარი ბიბლიოთეკა წიგნსაცავი 2018-12-17 94(479.223)+811.353.1’1373.6 გ-60 27213 2018-12-17 27213 2018-12-17 წიგნი